000 00348nam a2200145Ia 4500
100 _aTrent/Robert J.
650 _aPRODUCTION
942 _cBK
654 _aUnderstanding Supply Management
245 _aStrategic Supply Management
260 _bCengage Publishers
_aNew Delhi
_c2007
082 _a658.7/TRE
300 _a302
546 _aENGLISH
999 _c22977
_d22977